000 00425nam a2200157 a 4500
005 20140412111415.0
008 070706s19uu xx 00 eng d
020 _a81-7862-581-4
050 _aTR(GS 372.61
_bT72 2006
100 _aTressler, D.
245 _aGrammar master book 2 /
_cD. Tressler.
260 _aNew Delhi :
_bSterling press private limited,
_c2006.
300 _a48
650 _aGrammar
999 _c105801
_d105801